000 00677cam a2200229 a 4500
001 000001423
005 20200929145556.0
008 930518s1966 xx 001 f fre
040 _aDO-SdBNP
_bspa
_cBNPHU
082 _a843.8
_bL129e
100 1 _aLacan, Jacques,
_d1901-1981.
_94734
245 1 0 _aÉcrits 1 /
_cJacques Lacan.
260 _aParis :
_bÉditions du Seuil,
_c1966.
300 _a919 p. ;
_c21 cm.
490 1 _aLe Champ freudien
490 1 _aPuntos
504 _aIncluye tablas y notas al pié de página
650 4 _aNovela francesa
_91075
650 4 _aLiteratura francesa
_91074
650 4 _aMensajes
_94735
830 3 _aLe Champ freudien.
_pPuntos
_94736
999 _c1340
_d1340